Plan genérico de inspección para ingenieros civiles en instalaciones electromecánicas de edificaciones
Сохранить в:
| Главный автор: | |
|---|---|
| Формат: | |
| Опубликовано: |
[San José, Costa Rica]
2009
|
| Предметы: | |
| Метки: |
Добавить метку
Нет меток, Требуется 1-ая метка записи!
|
MARC
| LEADER | 00000nam a2200000Ia 4500 | ||
|---|---|---|---|
| 003 | 010430 | ||
| 005 | 20221231144047.0 | ||
| 008 | 140114s2009 cr a 000 ||s d | ||
| 040 | |c cru CEDI | ||
| 090 | |a TFG 5938 | ||
| 100 | |a Suárez Jiménez, Wilberth |9 3629 | ||
| 245 | |a Plan genérico de inspección para ingenieros civiles en instalaciones electromecánicas de edificaciones | ||
| 260 | |c 2009 |b [San José, Costa Rica] | ||
| 300 | |a 173 hojas; ilustraciones a color | ||
| 500 | |a Proyecto de graduación (licenciatura en ingeniería civil)--Universidad de Costa Rica. Facultad de Ingeniería. Escuela de Ingeniería Civil | ||
| 650 | |x CONSTRUCCION |x INSPECCION |x INDUSTRIA DE LA CONSTRUCCION |x CONTROL DE CALIDAD |x INSTALACIONES ELECTRICAS - EQUIPO ELECTRICO |x MECANICA |9 3630 | ||
| 942 | |c TFG | ||
| 999 | |c 16294 |d 16294 | ||
